[Event "AUTO-ADV-2562"]
[Site "http://www.queenalice.com/game.php?id=1081638"]
[Date "2012.7.11"]
[Round "1"]
[White "dietanov"]
[Black "madriles"]
[Result "0-1"]
[WhiteElo "1822"]
[BlackElo "1854"]

1. e4 d6 2. d4 Nf6 3. Nc3 g6 4. Be2 Bg7 5. Be3 O-O 6. Qd2 Nc6 7. Nf3 e6 8. O-O
e5 9. d5 Ne7 10. h3 c6 11. a4 cxd5 12. exd5 b6 13. Bg5 Bb7 14. Rfe1 Qc7 15. Nb5
Qc5 16. c4 Ne4 17. Qe3 Nxg5 18. Qxc5 dxc5 19. Nxg5 Nf5 20. g4 Nd4 21. Nd6 Bc8
22. Bf1 Nc2 23. Bg2 Nxa1 24. Rxa1 f5 25. Nxc8 Raxc8 26. Ne6 Rfe8 27. gxf5 gxf5
28. Nxg7 Kxg7 29. Re1 e4 30. Re3 Rc7 31. Kh2 Kf6 32. h4 Rce7 33. Kh3 f4 34. Rc3
e3 35. fxe3 fxe3 36. Bf3 e2 37. Bxe2 Rxe2 38. b3 R2e3+ 0-1

[Event "AUTO-ADV-2562"]
[Site "http://www.queenalice.com/game.php?id=1081653"]
[Date "2012.7.11"]
[Round "1"]
[White "Clauceri"]
[Black "dietanov"]
[Result "1-0"]
[WhiteElo "1960"]
[BlackElo "1865"]

1. c4 c5 2. Nf3 Nc6 3. Nc3 Nf6 4. e3 e5 5. d3 d5 6. cxd5 Nxd5 7. Be2 Be6 8. O-O
Nxc3 9. bxc3 Bd6 10. c4 Qc7 11. e4 Nd4 12. Nxd4 cxd4 13. Rb1 O-O 14. Bg4 Qd7 15.
Bxe6 fxe6 16. Qg4 Rf7 17. Bd2 b6 18. Rb5 Bc5 19. a4 Raf8 20. a5 Qd6 21. g3 Rf3
22. Kg2 Kh8 23. axb6 axb6 24. Ra1 Rxf2+ 25. Kh3 Rxd2 26. Ra7 g6 27. Qh4 h5 28.
Qg5 1-0

[Event "AUTO-ADV-2562"]
[Site "http://www.queenalice.com/game.php?id=1081654"]
[Date "2012.7.11"]
[Round "1"]
[White "dietanov"]
[Black "Clauceri"]
[Result "0-1"]
[WhiteElo "1796"]
[BlackElo "2015"]

1. e4 c5 2. Nf3 d6 3. d4 cxd4 4. Nxd4 e5 5. Nf3 Be7 6. Bb5+ Bd7 7. Bxd7+ Qxd7 8.
O-O Nf6 9. Nc3 O-O 10. b3 Nc6 11. Bb2 Rac8 12. Re1 Rc7 13. Nd5 Nxd5 14. exd5 Nb4
15. c3 Na6 16. c4 f5 17. Qd2 h6 18. h3 Nc5 19. Qc2 e4 20. Nd2 Nd3 21. Re2 Bg5
22. Bd4 b6 23. Rf1 b5 24. f3 Nf4 25. Ree1 exf3 26. Rxf3 Nxd5 27. c5 dxc5 28.
Bxc5 Bxd2 29. Qxd2 Rxc5 30. Re5 b4 31. Rd3 Rd8 32. Qf2 Qc7 33. g3 Rc1+ 34. Kg2
Rc2 35. Rd2 Rxd2 36. Qxd2 Qxe5 0-1

[Event "AUTO-ADV-2562"]
[Site "http://www.queenalice.com/game.php?id=1081665"]
[Date "2012.7.11"]
[Round "1"]
[White "dietanov"]
[Black "kuntakinte"]
[Result "1-0"]
[WhiteElo "1906"]
[BlackElo "1734"]

1. d4 d5 2. c4 e6 3. Nc3 Bb4 4. Nf3 h6 5. e3 Nf6 6. Bd3 Nc6 7. O-O a6 8. cxd5
exd5 9. Ne2 O-O 10. a3 Ba5 11. Ng3 Bg4 12. h3 Bh5 13. Nxh5 Nxh5 14. b4 Bb6 15.
Bb2 Nf6 16. Rc1 Ne7 17. Qc2 g6 18. Rfe1 c6 19. Nd2 Qd6 20. Nf3 Rac8 21. Ne5 a5
22. bxa5 Bxa5 23. Re2 Bb6 24. Qb3 c5 25. Bb1 c4 26. Qb4 Qd8 27. Bc3 Qc7 28. Rec2
Nc6 29. Qb2 Ba7 30. a4 Rb8 31. Qb5 Ne4 32. Be1 Nd6 33. Qxd5 Rbd8 34. Nxg6 Ne7
35. Nxe7+ Qxe7 36. Qf3 Kh8 37. Qe2 Rg8 38. Bb4 Qg5 39. f3 Bb8 40. Bxd6 Bxd6 41.
Rxc4 Rde8 42. e4 Bf4 43. R1c2 Qg3 44. Qf2 Qh2+ 45. Kf1 Qh1+ 46. Qg1 Qh2 47. Qxh2
Bxh2 48. Re2 Rg7 49. g4 Bf4 50. d5 f6 51. Rec2 Rgg8 52. Re2 Bd6 53. Kf2 Rc8 54.
Rec2 Rb8 55. Ke3 Kh7 56. Kd4 Kg6 57. Rg2 Kg5 58. Rg1 Be7 59. e5 Bd8 60. Ke4 fxe5
61. Ba2 Bf6 62. Rc7 Ra8 63. Bb3 b6 64. d6 Rg7 65. Rgc1 b5 66. axb5 Rd8 67. Rxg7+
Bxg7 68. Rc6 Bf8 69. Kxe5 Re8+ 70. Kd5 Rd8 71. b6 Kf4 72. Bd1 Kg3 73. b7 Rb8 74.
Rc7 Kxh3 75. Kc6 Kg3 76. d7 1-0

[Event "AUTO-ADV-2562"]
[Site "http://www.queenalice.com/game.php?id=1081666"]
[Date "2012.7.11"]
[Round "1"]
[White "kuntakinte"]
[Black "dietanov"]
[Result "1-0"]
[WhiteElo "1690"]
[BlackElo "2005"]

1. e4 c5 2. e5 e6 3. d4 cxd4 4. Qxd4 Nc6 5. Qf4 d6 6. Nf3 dxe5 7. Nxe5 Nxe5 8.
Qxe5 Nf6 9. Bb5+ Bd7 10. O-O Be7 11. Nc3 O-O 12. h3 Bxb5 13. Nxb5 a6 14. Nc3 Qd6
15. Qe3 b5 16. Rd1 Qc5 17. Qf3 Rad8 18. Be3 Qc8 19. Bb6 Rxd1+ 20. Rxd1 Bc5 21.
Ba5 Qa8 22. Qf4 Qa7 23. Rd2 Bb6 24. Bb4 Rd8 25. Nd1 Nd5 26. Qh4 f6 27. a3 Nxb4
28. Rxd8+ Bxd8 29. axb4 Qc7 30. c3 Qe5 31. f4 Qe2 32. Nf2 Qxb2 33. Qg3 Bc7 34.
Qe3 Qa1+ 35. Kh2 Bd6 36. Qd2 Bf8 37. f5 Qa2 38. Qxa2 1-0

[Event "AUTO-MASTER-1693"]
[Site "http://www.queenalice.com/game.php?id=1081718"]
[Date "2012.7.11"]
[Round "1"]
[White "Savage72"]
[Black "dietanov"]
[Result "1/2-1/2"]
[WhiteElo "1931"]
[BlackElo "1862"]

1. e4 e5 2. Bc4 Bc5 3. Nf3 Nf6 4. d3 Nc6 5. h3 O-O 6. Bg5 h6 7. Bh4 d6 8. a3 Be6
9. Bxe6 fxe6 10. Nc3 Nd4 11. Nxd4 Bxd4 12. Rb1 c6 13. O-O Qd7 14. Ne2 Bb6 15.
Kh2 Nh5 16. Qd2 Nf4 17. Nxf4 Rxf4 18. Bg3 Rf7 19. b4 Raf8 20. a4 a6 21. a5 d5
22. exd5 Bc7 23. dxc6 Qxc6 24. Rbe1 Rf5 25. Re2 Bd6 26. d4 Qc7 27. dxe5 Bxe5 28.
Bxe5 Rxe5 29. Rxe5 Qxe5+ 30. g3 h5 31. Re1 Qf5 32. Kg2 Qf3+ 33. Kg1 Qf5 34. Kg2
Qf3+ 35. Kg1 1/2-1/2

[Event "AUTO-MASTER-1693"]
[Site "http://www.queenalice.com/game.php?id=1081719"]
[Date "2012.7.11"]
[Round "1"]
[White "dietanov"]
[Black "Savage72"]
[Result "0-1"]
[WhiteElo "1807"]
[BlackElo "1941"]

1. e4 e6 2. d4 d5 3. e5 c5 4. c3 Qb6 5. Nf3 Bd7 6. b3 Bb5 7. Bxb5+ Qxb5 8. Qe2
Qxe2+ 9. Kxe2 Nc6 10. Be3 Nge7 11. Rd1 Nf5 12. Nbd2 Nxe3 13. fxe3 O-O-O 14. a4
a6 15. Rdc1 h6 16. b4 cxb4 17. cxb4 Bxb4 18. Nb3 Kb8 19. Rab1 Rc8 20. Nfd2 f5
21. g3 g5 22. Nc5 Bxc5 23. Rxc5 f4 24. gxf4 gxf4 25. Rcc1 fxe3 26. Kxe3 Ne7 27.
Rxc8+ Rxc8 28. Kd3 Nf5 29. Rb4 Rg8 30. Rb6 Rg6 31. Nb3 Kc7 32. Rb4 Ne7 33. Nc5
b6 34. Nxa6+ Kb7 35. Nc5+ Kc6 36. Nb3 Kc7 37. Nd2 Nc6 38. Rb1 Rg2 39. Nf3 Ra2
40. Rb3 Rxa4 41. Rc3 b5 42. Ke3 b4 43. Rb3 Ra3 44. Rxa3 bxa3 45. Nd2 Nb4 46. Nb3
Kb6 47. Kd2 Kb5 48. Kc3 Na2+ 49. Kc2 Kc4 50. Nd2+ Kxd4 51. Kb3 Nc3 52. Kxa3 Kxe5
53. Kb3 Ne4 54. Kc2 Nxd2 55. Kxd2 Kf4 56. Ke2 d4 0-1

[Event "AUTO-MASTER-1693"]
[Site "http://www.queenalice.com/game.php?id=1081732"]
[Date "2012.7.11"]
[Round "1"]
[White "andrevillares"]
[Black "dietanov"]
[Result "1-0"]
[WhiteElo "1981"]
[BlackElo "1883"]

1. d4 Nf6 2. c4 d5 3. cxd5 Qxd5 4. Nc3 Qa5 5. Bd2 c6 6. e4 e6 7. e5 Nfd7 8. Nf3
Bb4 9. Bd3 O-O 10. a3 Bxc3 11. Bxc3 Qd8 12. O-O Re8 13. Rc1 Nf8 14. Qe2 Nbd7 15.
h4 h6 16. g3 Nh7 17. Qe4 Ndf8 18. Nd2 f6 19. f4 f5 20. Qf3 Ng6 21. h5 Ne7 22.
Nc4 Nd5 23. Nd6 Re7 24. g4 Qf8 25. gxf5 exf5 26. Be1 Be6 27. Bh4 Rd7 28. Rf2
Rxd6 29. exd6 Qxd6 30. Rd1 Rf8 31. Rg2 Nhf6 32. Bxf6 Nxf6 33. Bc2 Kh8 34. Qe3
Bd5 35. Rg6 Qe6 36. Qxe6 Bxe6 37. Re1 Re8 38. Rg2 Bd7 39. Rxe8+ Kh7 40. Re7 Nxh5
41. Rxd7 1-0

[Event "AUTO-MASTER-1693"]
[Site "http://www.queenalice.com/game.php?id=1081733"]
[Date "2012.7.11"]
[Round "1"]
[White "dietanov"]
[Black "andrevillares"]
[Result "0-1"]
[WhiteElo "1871"]
[BlackElo "2046"]

1. e4 c6 2. d4 d5 3. Nc3 dxe4 4. Nxe4 Nd7 5. Nf3 Ngf6 6. Ng3 g6 7. Be3 Bg7 8. c3
O-O 9. Bd3 Nd5 10. Qd2 Nxe3 11. fxe3 Nf6 12. O-O Bh6 13. Qe2 Nd5 14. e4 Nf4 15.
Qc2 Nxd3 16. Qxd3 c5 17. Rad1 cxd4 18. cxd4 Bd7 19. d5 Qb6+ 20. Kh1 Bb5 21. Qb3
Bxf1 22. Qxb6 Bxg2+ 23. Kxg2 axb6 24. a3 Rac8 25. Nd4 Be3 26. Nge2 Rc4 27. b3
Rcc8 28. Nb5 Rc2 29. Kf3 Bc5 30. b4 Bd6 31. h3 f5 32. Nbd4 Ra2 33. Rd3 fxe4+ 34.
Kxe4 Rf2 35. Ke3 Rh2 36. Rc3 Rxh3+ 37. Nf3 Kg7 38. Nd4 Be5 39. Ke4 Bxd4 40. Nxd4
Rxc3 41. Nb5 Re2+ 42. Kd4 Rh3 43. a4 Rb2 44. Kc4 Rh4+ 45. Nd4 Rd2 0-1

[Event "AUTO-MASTER-1693"]
[Site "http://www.queenalice.com/game.php?id=1081740"]
[Date "2012.7.11"]
[Round "1"]
[White "yclaudiu35"]
[Black "dietanov"]
[Result "1-0"]
[WhiteElo "1984"]
[BlackElo "1895"]

1. e4 e5 2. Nf3 Nc6 3. a3 a6 4. d4 exd4 5. Nxd4 Nxd4 6. Qxd4 c5 7. Qe3 d6 8. Nc3
Be6 9. f4 Be7 10. g3 Nf6 11. Bg2 O-O 12. O-O b5 13. h3 Rb8 14. Rd1 Qc7 15. g4
Rfd8 16. b3 c4 17. b4 Qb6 18. Qxb6 Rxb6 19. f5 Bd7 20. g5 Ne8 21. Nd5 Rbb8 22.
Nxe7+ Kf8 23. Nd5 Bc6 24. c3 Bxd5 25. Rxd5 f6 26. h4 Kf7 27. Bf4 Rb6 28. Rad1
Ke7 29. Kf2 Rc6 30. e5 fxe5 31. Bxe5 Rb6 32. f6+ gxf6 33. Bf4 fxg5 34. Bxg5+ Nf6
35. Re1+ Kf7 36. Rf5 d5 37. Re3 Rdd6 38. Bxf6 Rxf6 39. Bxd5+ Kg6 40. Rxf6+ Rxf6+
41. Kg3 h6 42. Re7 Rd6 43. Re6+ Rxe6 44. Bxe6 1-0

[Event "AUTO-MASTER-1693"]
[Site "http://www.queenalice.com/game.php?id=1081741"]
[Date "2012.7.11"]
[Round "1"]
[White "dietanov"]
[Black "yclaudiu35"]
[Result "0-1"]
[WhiteElo "1924"]
[BlackElo "1926"]

1. e4 e5 2. Nf3 Qf6 3. d4 exd4 4. Qxd4 Nc6 5. Qxf6 Nxf6 6. e5 Ng4 7. Bf4 Bc5 8.
Bg3 Nb4 9. Bd3 O-O 10. O-O Nxd3 11. cxd3 c6 12. d4 Bb6 13. h3 Nh6 14. Nc3 Nf5
15. Rad1 Nxg3 16. Kh2 Nxf1+ 17. Rxf1 Bc7 18. Kg1 f6 19. Ne4 b5 20. Rc1 fxe5 21.
d5 Bb7 22. d6 Bb6 23. Nc5 Bxc5 24. Rxc5 e4 25. Ne5 Rad8 26. Kf1 Rf6 27. Ng4 Rxd6
28. Ke2 Rd5 29. Rxd5 cxd5 30. Ke3 d6 31. Kd4 Rc8 32. b3 Kf7 33. Ne3 Ke6 34. g4
Rf8 35. Nd1 Rf3 0-1

[Event "AUTO-OPEN-2738"]
[Site "http://www.queenalice.com/game.php?id=1081793"]
[Date "2012.7.11"]
[Round "1"]
[White "dietanov"]
[Black "wiktormool"]
[Result "1-0"]
[WhiteElo "1789"]
[BlackElo "1932"]

1. d4 e6 2. e4 c6 3. c4 Nf6 4. Bd3 Bb4+ 5. Bd2 Bxd2+ 6. Nxd2 Na6 7. a3 Qb6 8.
Nb3 c5 9. d5 O-O 10. Nf3 d6 11. O-O h6 12. Qc2 Bd7 13. Nbd2 e5 14. Rab1 Nh5 15.
g3 Qa5 16. Qc1 Qd8 17. Nh4 Nf4 18. Qc2 Nh3+ 19. Kg2 Nf4+ 20. Kh1 Bh3 21. Rg1 Ng6
22. Ng2 f5 23. exf5 Ne7 24. Nh4 Bg4 25. f3 Bh5 26. g4 Be8 27. Rg3 Nxd5 28. Ng2
Nb6 29. Ne3 Bc6 30. Ng2 Nd7 31. Ne4 b6 32. Nxd6 Nf6 33. Ne4 Qe7 34. Nxf6+ Qxf6
35. Re1 Rad8 36. h4 Bd7 37. g5 hxg5 38. hxg5 Qf7 39. g6 Qf6 40. Rh3 Bxf5 41.
Bxf5 Qxf5 42. Qxf5 Rxf5 43. Nh4 Rf6 44. Rxe5 Nb8 45. b4 cxb4 46. axb4 Nc6 47.
Rh5 Ne5 48. Rxe5 1-0

[Event "AUTO-OPEN-2738"]
[Site "http://www.queenalice.com/game.php?id=1081794"]
[Date "2012.7.11"]
[Round "1"]
[White "wiktormool"]
[Black "dietanov"]
[Result "1-0"]
[WhiteElo "1876"]
[BlackElo "1836"]

1. c4 c5 2. Nc3 Nf6 3. Nf3 Nc6 4. e4 d6 5. Nd5 Nxd5 6. cxd5 Nb8 7. Qb3 a6 8.
Qa4+ b5 9. Bxb5+ Bd7 10. Bxd7+ Qxd7 11. Qa5 e6 12. dxe6 fxe6 13. d4 Be7 14. Be3
Nc6 15. Qa4 O-O 16. Rd1 Qb7 17. a3 Qb5 18. Qxb5 axb5 19. O-O c4 20. d5 exd5 21.
Rxd5 b4 22. axb4 Nxb4 23. Rd4 Rac8 24. b3 Nc2 25. Rxc4 Nxe3 26. fxe3 Rxc4 27.
bxc4 Bf6 28. Nd4 Bxd4 29. Rxf8+ Kxf8 30. exd4 Ke7 31. Kf2 Ke6 32. Kf3 g6 33. Kf4
h6 34. h4 Kf6 35. e5+ dxe5+ 36. dxe5+ Ke6 37. g4 Ke7 38. h5 g5+ 39. Kf5 Kf7 40.
e6+ Ke7 41. Kg6 Kxe6 42. Kxh6 Kf6 43. c5 1-0

[Event "AUTO-OPEN-2738"]
[Site "http://www.queenalice.com/game.php?id=1081795"]
[Date "2012.7.11"]
[Round "1"]
[White "dietanov"]
[Black "ggg09"]
[Result "0-1"]
[WhiteElo "1909"]
[BlackElo "2141"]

1. e4 e6 2. d4 d5 3. e5 c5 4. c3 Nc6 5. Nf3 Qb6 6. b3 Nge7 7. Bb2 Nf5 8. Na3 Qa5
9. Qd2 cxd4 10. cxd4 Bb4 11. Bb5 Bxd2+ 12. Nxd2 O-O 13. Bxc6 bxc6 14. Nb1 Ba6
15. a4 Qb6 16. Nf3 Qxb3 17. Bc1 Nh4 18. Nbd2 Nxf3+ 19. gxf3 Qd3 0-1

[Event "AUTO-OPEN-2738"]
[Site "http://www.queenalice.com/game.php?id=1081796"]
[Date "2012.7.11"]
[Round "1"]
[White "ggg09"]
[Black "dietanov"]
[Result "1/2-1/2"]
[WhiteElo "2131"]
[BlackElo "1915"]

1. e4 c6 2. d4 d5 3. Nc3 dxe4 4. Nxe4 Bf5 5. Ng3 Bg6 6. f4 e6 7. Bc4 Nf6 8. Nf3
Bd6 9. O-O O-O 10. Ne5 Bxe5 11. fxe5 Nd5 12. Bd3 Bxd3 13. Qxd3 Nd7 14. Ne4 f5
15. exf6 N7xf6 16. Bg5 h6 17. Bxf6 Nxf6 18. c3 Qe7 19. Rf3 Nxe4 20. Qxe4 Rxf3
21. Qxf3 Rf8 22. Qh3 Qf6 23. Qe3 Qf5 24. Re1 Rf6 25. a3 Kf7 26. h3 Qd5 27. Re2
b6 28. Qe5 Qxe5 29. dxe5 Rf5 30. g4 Rf4 31. Rf2 Rxf2 32. Kxf2 g5 33. Kg3 Ke7 34.
Kf3 a5 35. Ke4 Kd7 36. Kd4 c5+ 37. Kc4 Kc6 38. b3 b5+ 39. Kd3 Kd5 40. a4 c4+ 41.
bxc4+ bxc4+ 42. Ke3 Kxe5 43. Kf3 Kd5 44. Ke3 e5 45. Kf3 e4+ 46. Ke2 Ke6 47. Kf2
1/2-1/2

[Event "AUTO-OPEN-2738"]
[Site "http://www.queenalice.com/game.php?id=1081797"]
[Date "2012.7.11"]
[Round "1"]
[White "dietanov"]
[Black "Nille"]
[Result "0-1"]
[WhiteElo "1976"]
[BlackElo "1828"]

1. e4 e5 2. Nf3 d6 3. d4 exd4 4. Nxd4 h6 5. Be2 Nf6 6. Nc3 Be7 7. O-O a6 8. Be3
c5 9. Nf3 Nc6 10. a3 O-O 11. Nd2 b5 12. Bf3 Bb7 13. g3 Ne5 14. Bg2 b4 15. axb4
cxb4 16. Ne2 a5 17. Nd4 Qc8 18. Nf5 Re8 19. Nxe7+ Rxe7 20. f4 Neg4 21. Bd4 Nxe4
22. Nxe4 Bxe4 23. Bxe4 Rxe4 24. Bf2 Nxf2 25. Rxf2 Qc5 26. Kg2 Rae8 27. Qd3 Qc6
28. Kf1 Re3 29. Qd2 Qh1# 0-1

[Event "AUTO-OPEN-2738"]
[Site "http://www.queenalice.com/game.php?id=1081798"]
[Date "2012.7.11"]
[Round "1"]
[White "Nille"]
[Black "dietanov"]
[Result "1-0"]
[WhiteElo "1833"]
[BlackElo "1922"]

1. e4 e6 2. Nf3 d5 3. exd5 Qxd5 4. d4 Nf6 5. Nc3 Qd8 6. Bg5 Be7 7. Be2 O-O 8.
O-O Nbd7 9. h3 h6 10. Bh4 Re8 11. Ne5 Nxe5 12. dxe5 Qxd1 13. Rfxd1 b6 14. exf6
Bxf6 15. Bxf6 gxf6 16. Rd4 Bb7 17. Rg4+ Kh8 18. Rd1 Rad8 19. Bd3 f5 20. Rh4 Kh7
21. Nb5 Rg8 22. g3 c6 23. Nxa7 Ra8 24. Ra4 h5 25. Be2 Kh6 26. Rd7 Bc8 27. Rxf7
h4 28. Rxh4+ Kg6 29. Bh5+ Kg5 30. Bf3 Kg6 31. Rhh7 e5 32. Bh5+ 1-0

[Event "LuisGa 1"]
[Site "http://www.queenalice.com/game.php?id=1100023"]
[Date "2012.9.5"]
[Round "5"]
[White "Frankone"]
[Black "dietanov"]
[Result "1-0"]
[WhiteElo "1469"]
[BlackElo "1811"]

1. e4 e5 2. Nf3 Nc6 3. Nc3 Nf6 4. Bc4 d6 5. O-O Be7 6. a3 O-O 7. h4 Nxe4 8. Nxe4
Na5 9. d3 Nxc4 10. dxc4 Bg4 11. b4 f5 12. Ng3 e4 13. Qd5+ Kh8 14. Ng5 Qe8 15.
Ne6 c6 16. Qd4 Rf7 17. Bh6 Bf6 18. Qxd6 gxh6 19. Nc7 Qb8 20. Nxf5 Bxf5 21. Nb5
Qxd6 22. Nxd6 Bxa1 23. Nxf7+ Kg7 24. Nd6 Bc8 25. Rxa1 b6 26. Nxe4 Bf5 27. Re1
Re8 28. f3 h5 29. Rd1 Re7 30. Rd6 Bxe4 31. fxe4 Rxe4 32. Rd7+ Kg6 33. Rd6+ Kf5
34. c5 Kg4 35. Rxc6 bxc5 36. bxc5 Kg3 37. Kf1 Kxh4 38. Ra6 Rc4 39. Kg1 Rxc5 40.
Rxa7 h6 41. Kh2 Rxc2 42. Rg7 Rc4 43. g3# 1-0

[Event "Challenge"]
[Site "http://www.queenalice.com/game.php?id=1120326"]
[Date "2012.11.8"]
[Round "-"]
[White "dietanov"]
[Black "uassirr"]
[Result "0-1"]
[WhiteElo "1770"]
[BlackElo "1863"]

1. e4 c5 2. Nf3 d6 3. d4 cxd4 4. Nxd4 Nf6 5. Nc3 a6 6. Be2 Nbd7 7. O-O g6 8. Be3
Bg7 9. Qd2 Nc5 10. Bf3 O-O 11. b4 Ne6 12. Nxe6 Bxe6 13. Rad1 Rc8 14. a3 Bg4 15.
Be2 Bxe2 16. Nxe2 Nxe4 17. Qd3 Nc3 18. Nxc3 Rxc3 19. Qe2 Rxa3 20. c4 Rb3 21. b5
a5 22. b6 a4 23. c5 a3 24. cxd6 exd6 25. Bd4 Bxd4 26. Rxd4 Qxb6 27. Rfd1 Rb2 28.
R4d2 Rxd2 29. Qxd2 Qb2 30. Kf1 Qxd2 31. Rxd2 Ra8 32. Ra2 b5 0-1